00480 a2200169 450000100060000002000180000604000220002410000190004624000310006524500260009630000080012236200090013065000230013994200070016295201240016999900170029359841 a9788576794547 cAnchieta - Pituba aKloepfer, John10aCac̀§adores de zumbislpor10aCac̀§adores de zumbis a2140 a2011 4aLiteratura juvenil cBK 00104070a91.1bCPLd2023-11-21l2oLJ 028.5 K66c KLO CACp11304/PITr2023-11-21 18:49:24s2023-11-21w2023-11-21yBK c59841d59841